Dust Bowls of Empire : Imperialism, Environmental Politics, and the Injustice of Green Capitalism.

Bibliographic Details
Main Author: Holleman, Hannah.
Format: eBook
Language:English
Published: New Haven : Yale University Press, 2018.
Edition:1st ed.
Series:Yale Agrarian Studies Series
Subjects:
Online Access:Click to View
LEADER 02440nam a22004333i 4500
001 EBC5570739
003 MiAaPQ
005 20231204023214.0
006 m o d |
007 cr cnu||||||||
008 231204s2018 xx o ||||0 eng d
020 |a 9780300240887  |q (electronic bk.) 
020 |z 9780300230208 
035 |a (MiAaPQ)EBC5570739 
035 |a (Au-PeEL)EBL5570739 
035 |a (OCoLC)1059576981 
040 |a MiAaPQ  |b eng  |e rda  |e pn  |c MiAaPQ  |d MiAaPQ 
082 0 |a 338.1 
100 1 |a Holleman, Hannah. 
245 1 0 |a Dust Bowls of Empire :  |b Imperialism, Environmental Politics, and the Injustice of Green Capitalism. 
250 |a 1st ed. 
264 1 |a New Haven :  |b Yale University Press,  |c 2018. 
264 4 |c Ã2018. 
300 |a 1 online resource (252 pages) 
336 |a text  |b txt  |2 rdacontent 
337 |a computer  |b c  |2 rdamedia 
338 |a online resource  |b cr  |2 rdacarrier 
490 1 |a Yale Agrarian Studies Series 
505 0 |a Cover -- Title -- Copyright -- Dedication -- Contents -- Acknowledgments -- Introduction -- One: Dust to Dust: An Age Beyond Extremes -- Two: The First Global Environmental Problem -- Three: Imperialism, White Settler Colonialism, and the Ecological Rift -- Four: The White Man's Burden, Soil Erosion, and the Origins of Green Capitalism -- Five: Ecological Rifts and Shifts: The Accumulation of Catastrophe -- Six: "We're Not Stakeholders": Beyond the Langue de Coton of Capitalist Environmental Management -- Seven: No Empires, No Dust Bowls: Toward a Deeper Ecological Solidarity -- Notes -- Index -- A -- B -- C -- D -- E -- F -- G -- H -- I -- J -- K -- L -- M -- N -- O -- P -- R -- S -- T -- U -- V -- W -- X -- Y. 
588 |a Description based on publisher supplied metadata and other sources. 
590 |a Electronic reproduction. Ann Arbor, Michigan : ProQuest Ebook Central, 2023. Available via World Wide Web. Access may be limited to ProQuest Ebook Central affiliated libraries.  
650 0 |a Agriculture-Environmental aspects. 
650 0 |a Agriculture-Ecomomic aspects. 
650 0 |a Agriculture-Social aspects. 
655 4 |a Electronic books. 
776 0 8 |i Print version:  |a Holleman, Hannah  |t Dust Bowls of Empire  |d New Haven : Yale University Press,c2018  |z 9780300230208 
797 2 |a ProQuest (Firm) 
830 0 |a Yale Agrarian Studies Series 
856 4 0 |u https://ebookcentral.proquest.com/lib/matrademy/detail.action?docID=5570739  |z Click to View